000 00706cam a22002413a 4500
001 24235
003 PGUSA
005 20140828083522.0
008 080110s2008||||xxu|||||s|||||000 1 eng d
040 _aPGUSA
_beng
042 _adc
050 4 _aPZ
100 1 _aJohnston, Annie F.
_q(Annie Fellows),
_d1863-1931
245 1 0 _aMary Ware's Promised Land
_h[electronic resource] /
_cAnnie F. Johnston
260 _bProject Gutenberg,
_c2008
506 _aPublic domain in the USA.
516 _aElectronic text
653 _aYoung women -- Juvenile fiction
700 1 _aGoss, John,
_d1886-1963
830 0 _aProject Gutenberg
_v24235
856 4 0 _uhttp://www.gutenberg.org/ebooks/24235
942 _cEB
999 _c253490
_d253490